|
|
|
|
| LEADER |
01153nam a2200277 a 4500 |
| 001 |
16804629 |
| 008 |
120315r20022001mau 001 0 eng d |
| 010 |
|
|
|a 2011281457
|
| 020 |
|
|
|a 0738203335
|
| 020 |
|
|
|a 9780738206707 (pbk.)
|
| 020 |
|
|
|a 0738206709 (pbk.)
|
| 040 |
|
|
|a OMP
|b eng
|c OMP
|d GGN
|d OCLCQ
|d NOR
|d BAKER
|d YDXCP
|d OCLCQ
|d DLC
|d BD-DhAAL
|
| 082 |
0 |
4 |
|a 005.4/4/69
|2 21
|
| 100 |
1 |
|
|a Moody, Glyn.
|
| 245 |
1 |
0 |
|a Rebel code :
|b the inside story of Linux and the open source revolution /
|c Glyn Moody.
|
| 260 |
|
|
|a Cambridge, Mass. :
|b Perseus Pub.,
|c c2001.[Reprinted 2002]
|
| 300 |
|
|
|a viii, 334 p. ;
|c 23 cm.
|
| 500 |
|
|
|a Originally published: London ; New York : Allen Lane, 2001. In the 2002 ed. the author has added a short Afterword.
|
| 500 |
|
|
|a Includes index.
|
| 541 |
1 |
|
|e 00024590
|
| 630 |
0 |
0 |
|a Linux.
|
| 650 |
|
0 |
|a Operating systems (Computers)
|
| 650 |
|
0 |
|a Open source software.
|
| 852 |
1 |
|
|a Ayesha Abed Library
|j General shelf
|
| 999 |
|
|
|c 11968
|d 11968
|
| 952 |
|
|
|0 0
|1 0
|4 0
|6 005_446900000000000_MOO
|7 0
|9 19680
|a BRACUL
|b BRACUL
|c GEN
|d 2012-03-14
|e Trim Education
|g 1950.00
|l 5
|m 8
|o 005.4469 MOO
|p 3010024590
|r 2023-10-07
|s 2023-10-02
|t 1
|w 2012-03-15
|y BK
|